Cats : the rise of the cat

Bibliographic Details
Main Author: Tabor, Roger
Format: Book
Published: London : BBC Books , 1991
Series:The Book of the TV series
Subjects:

MARC

LEADER 00000cam a2200000 7i4500
001 0000005796
002 000006263
005 20000330.0
020 |a 0563360119 
090 0 0 |a 636.8001   |b TAB 
100 1 |a Tabor, Roger 
245 1 0 |a Cats :   |b the rise of the cat   |c Roger Tabor 
260 |a London :   |b BBC Books ,   |c 1991 
300 |a 192p. ;   |c 22cm. 
490 0 |a The Book of the TV series 
650 0 0 |a Cat   |x History 
999 |a 032910   |b BUKU   |c PINJAMAN   |e PERPUSTAKAAN KOMUNITI PETALING JAYA